000 00569nam a2200181Ia 4500
008 090630s9999 xx 000 0 und d
082 _b9478
100 _aरायकर प्रतिभा.
245 _aदूर दूर.
_cरायकर प्रतिभा.
260 _bप्रिया.
_c1988
300 _a163
600 _aरायकर प्रतिभा.
630 _aदूर दूर.
655 _aकादंबरी.
700 _aरायकर प्रतिभा.
730 _aदूर दूर.
942 _cBOOK
999 _c261334
_d261334